000
00306nam a22001337a 4500
008
170607b xxu||||| |||| 00| 0 eng d
020
_a
2900813388426
041
_a
eng
080
_a
94
100
_a
18
101
_a
SHH
245
_a
RURAL COMMUNITY IN THE INFORMATION AGE
_c
ALLEN,J.C
942
_2
udc
_c
BK
999
_c
16310
_d
16310